Most Famous Kings in India - Statistics

General Stats
  • This quiz has been taken 22 times
  • The average score is 4 of 10
Answer Stats
H Answer % Correct
Emperor Akbar
82%
Emperor Ashoka
82%
King Shivaji
71%
Emperor Chandra Gupta Maury
59%
Emperor Shah Jahan
53%
Emperor Bahadur Shah Zafar
18%
Emperor Humayun
18%
King Prithviraj Chauhan
18%
Emperor Krishnadevaraya
12%
Emperor Harshavardahana
0%
No matching quizzes found
Score Distribution
Percent of People with Each Score
Percentile by Number Answered
Your Score History
You have not taken this quiz